|
|
|
|
| LEADER |
00000nab a2200000 a 4500 |
| 001 |
vtls000722466 |
| 003 |
SK-MaSNL |
| 005 |
20260304222856.0 |
| 008 |
250429c1999 xo 0 slo |
| 015 |
|
|
|a SNBRB2000/05-12797
|
| 035 |
|
|
|a CLN000074633
|
| 035 |
|
|
|a urn:nbn:sk:snk-ab6tb1
|
| 035 |
|
|
|a (uuid)a225465e-80cd-4e59-9148-704da6ce2f0a
|
| 035 |
|
|
|a (urnnbn)urn:nbn:sk:snk:ar-a05qvj
|
| 035 |
|
|
|a (sysno)vtls000722466
|
| 040 |
|
|
|a SNKBUCL
|b slo
|c SNKBUCL
|e AACR2
|
| 041 |
0 |
|
|a slo
|
| 044 |
|
|
|a xo
|c SK
|
| 080 |
|
|
|a 616.72-002.78
|2 1997
|
| 100 |
1 |
|
|a Kovalančík, Marián
|4 aut
|9 832768
|
| 245 |
1 |
0 |
|a Polyartikulárna chronická dna alebo reumatoidná artritída?
|b diagnostické problémy
|c M. Kovalančík
|
| 611 |
1 |
7 |
|a Zjazd slovenských a českých reumatológov
|n (43. :
|d 1999 :
|c Nitra, Slovensko)
|x referáty
|x abstrakty
|2 snkbucl
|9 1403075
|
| 650 |
0 |
7 |
|a dna
|2 SNKPH
|9 29475
|
| 650 |
0 |
7 |
|a reumatoidná artritída
|2 SNKPH
|9 28588
|
| 655 |
|
7 |
|a články z novín a časopisov
|2 SNK
|9 267496
|
| 773 |
0 |
|
|t Rheumatologia
|g Roč. 13, č. 3 (1999), s. 139
|
| 850 |
|
|
|a Slovenská národná knižnica
|
| 852 |
|
|
|a Slovenská národná knižnica
|
| 954 |
|
|
|a odborná, vedecká literatúra pôvodná (slovenská)
|2 lita
|
| 958 |
|
|
|a article27
|
| 958 |
|
|
|a MI
|
| 958 |
|
|
|a OND
|
| 958 |
|
|
|a EUIPO
|
| 992 |
|
|
|a RBX
|
| 999 |
|
|
|c 3165621
|d 3167551
|